|
|
|
|
| LEADER |
01036nam a2200265 a 4500 |
| 001 |
00021507 |
| 008 |
101212s2005 ii b 001 0 eng d |
| 020 |
|
|
|a 8170122872
|
| 020 |
|
|
|a 9788170129998
|
| 020 |
|
|
|a 8170129990
|
| 040 |
|
|
|a BD-DhAAL
|c BD-DhAAL
|
| 082 |
0 |
4 |
|a 346.54066
|2 22
|
| 245 |
1 |
0 |
|a Singh, Avtar.
|
| 245 |
1 |
0 |
|a Company law /
|c by Avtar Singh.
|
| 250 |
|
|
|a 15th ed.
|
| 260 |
|
|
|a Lucknow :
|b Eastern Book Company,
|c 2007.
|
| 300 |
|
|
|a cxxv, 813 p. ;
|c 24 cm.
|
| 504 |
|
|
|a Includes bibliographical references and index.
|
| 541 |
1 |
|
|e 00021507
|
| 650 |
|
0 |
|a Corporation law
|z India.
|
| 852 |
4 |
|
|a Ayesha Abed Library
|j General Shelf.
|
| 942 |
0 |
0 |
|0 2
|
| 999 |
|
|
|c 10198
|d 10198
|
| 952 |
|
|
|0 0
|1 0
|2 ddc
|4 0
|6 346_540660000000000_SIN
|7 0
|9 13595
|a BRACUL
|b BRACUL
|c GEN
|d 2010-12-13
|l 18
|m 98
|o 346.54066 SIN
|p 3010021507
|r 2025-03-10
|s 2025-02-06
|t 1
|w 2010-12-13
|y BK
|
| 952 |
|
|
|0 0
|1 0
|2 ddc
|4 0
|6 346_540660000000000_SIN
|7 0
|9 13596
|a BRACUL
|b BRACUL
|c GEN
|d 2010-12-13
|l 23
|m 216
|o 346.54066 SIN
|p 3010021508
|r 2025-06-29
|s 2025-02-11
|t 2
|w 2010-12-13
|y BK
|